[Event "EUYCC 2025 - U12"]
[Site "?"]
[Date "2025.08.23"]
[Round "5.16"]
[White "Salim, Florian"]
[Black "Kroslakova, Michaela"]
[Result "0-1"]
[BlackElo "1655"]
[WhiteElo "1649"]
[LiveChessVersion "1.4.8"]

1. e4 {[%clk 1:30:56]} c6 {[%clk 1:30:48]} 2. Nf3 {[%clk 1:31:16]} d5
{[%clk 1:31:04]} 3. Nc3 {[%clk 1:31:33]} dxe4 {[%clk 1:30:58]} 4. Nxe4
{[%clk 1:31:54]} Nf6 {[%clk 1:30:57]} 5. Qe2 {[%clk 1:27:43]} Nxe4
{[%clk 1:27:37]} 6. Qxe4 {[%clk 1:28:05]} Nd7 {[%clk 1:25:28]} 7. Bc4
{[%clk 1:26:50]} Nf6 {[%clk 1:24:32]} 8. Qe2 {[%clk 1:23:46]} Bg4
{[%clk 1:23:11]} 9. Bxf7+ {[%clk 1:20:54]} Kxf7 {[%clk 1:22:21]} 10. Ne5+
{[%clk 1:20:09]} Ke8 {[%clk 1:22:42]} 11. Nxg4 {[%clk 1:20:14]} Nxg4
{[%clk 1:22:53]} 12. Qxg4 {[%clk 1:20:34]} Qd5 {[%clk 1:18:49]} 13. b3
{[%clk 1:15:00]} Qe5+ {[%clk 1:19:00]} 14. Qe2 {[%clk 1:12:41]} Qxa1
{[%clk 1:19:20]} 15. O-O {[%clk 1:12:47]} Qxa2 {[%clk 1:18:18]} 16. d4
{[%clk 1:12:27]} Qa6 {[%clk 1:16:38]} 17. c4 {[%clk 1:12:22]} b5 {[%clk 1:15:09]}
18. d5 {[%clk 1:12:07]} cxd5 {[%clk 1:13:01]} 19. cxd5 {[%clk 1:12:27]} Rd8
{[%clk 1:10:37]} 20. Rd1 {[%clk 1:11:31]} e6 {[%clk 1:02:15]} 21. Qh5+
{[%clk 1:10:32]} g6 22. Qe5 {[%clk 1:10:52]} Rg8 {[%clk 1:01:26]} 23. Bg5
{[%clk 1:10:33]} Be7 {[%clk 0:57:12]} 24. Bxe7 {[%clk 1:03:03]} Kxe7
{[%clk 0:57:27]} 25. Qg5+ {[%clk 1:02:45]} Ke8 {[%clk 0:57:07]} 26. Re1
{[%clk 1:02:20]} h6 {[%clk 0:56:31]} 27. Qf6 {[%clk 1:01:25]} Rd6
{[%clk 0:51:51]} 28. dxe6 {[%clk 0:59:08]} Qb7 {[%clk 0:50:38]} 29. Qe5
{[%clk 0:52:17]} Ke7 {[%clk 0:47:06]} 30. Qf4 {[%clk 0:51:34]} Rxe6
{[%clk 0:43:27]} 31. Rc1 {[%clk 0:50:06]} Rc8 {[%clk 0:40:43]} 32. Qb4+
{[%clk 0:48:33]} Kf7 {[%clk 0:40:29]} 33. Rd1 {[%clk 0:47:38]} Qe7
{[%clk 0:39:20]} 34. Qf4+ {[%clk 0:46:52]} Kg7 {[%clk 0:39:15]} 35. Qd4+
{[%clk 0:46:46]} Kh7 {[%clk 0:39:30]} 36. Kf1 {[%clk 0:46:06]} Re8
{[%clk 0:39:29]} 37. Qc3 {[%clk 0:46:03]} b4 {[%clk 0:39:06]} 38. Qd2
{[%clk 0:46:23]} Re2 {[%clk 0:39:11]} 39. Qd7 {[%clk 0:45:45]} Re1+
{[%clk 0:39:33]} 0-1

[Event "EUYCC 2025 - U12"]
[Site "?"]
[Date "2025.08.23"]
[Round "5.17"]
[White "Flidr, Jan"]
[Black "Siskova, Alexandra"]
[Result "1-0"]
[BlackElo "1471"]
[WhiteElo "1431"]
[LiveChessVersion "1.4.8"]

1. e4 {[%clk 1:30:52]} d6 {[%clk 1:30:53]} 2. d4 {[%clk 1:31:13]} Nf6
{[%clk 1:31:11]} 3. Nc3 {[%clk 1:31:31]} g6 {[%clk 1:31:04]} 4. Nf3
{[%clk 1:31:40]} Bg7 {[%clk 1:31:03]} 5. h3 {[%clk 1:30:59]} O-O {[%clk 1:30:46]}
6. Be2 {[%clk 1:30:13]} Bd7 {[%clk 1:29:15]} 7. Be3 {[%clk 1:29:59]} c6
{[%clk 1:24:28]} 8. Qd2 {[%clk 1:27:52]} Qc7 {[%clk 1:23:12]} 9. Bh6
{[%clk 1:24:28]} c5 {[%clk 1:22:37]} 10. Bxg7 {[%clk 1:21:06]} Kxg7
{[%clk 1:22:42]} 11. d5 {[%clk 1:20:18]} e6 {[%clk 1:22:15]} 12. O-O
{[%clk 1:18:00]} a6 {[%clk 1:21:38]} 13. a4 {[%clk 1:16:38]} Ra7 {[%clk 1:19:36]}
14. Rfe1 {[%clk 1:16:39]} Qa5 {[%clk 1:16:51]} 15. Qd3 {[%clk 1:10:51]} exd5
{[%clk 1:16:00]} 16. exd5 {[%clk 1:07:16]} Bf5 {[%clk 1:16:03]} 17. Qd2
{[%clk 1:06:05]} Nbd7 {[%clk 1:15:38]} 18. Bd3 {[%clk 1:02:17]} Bxd3
{[%clk 1:15:22]} 19. Qxd3 {[%clk 1:02:39]} Raa8 {[%clk 1:15:25]} 20. Nd2
{[%clk 0:58:33]} Rfe8 {[%clk 1:15:25]} 21. Nc4 {[%clk 0:58:01]} Qc7
{[%clk 1:14:44]} 22. a5 {[%clk 0:57:48]} b5 {[%clk 1:14:43]} 23. axb6
{[%clk 0:57:53]} Nxb6 {[%clk 1:14:58]} 24. Nd2 {[%clk 0:57:37]} Qb7
{[%clk 1:10:48]} 25. b3 {[%clk 0:55:55]} Nbxd5 {[%clk 1:09:20]} 26. Nc4
{[%clk 0:54:58]} Qc7 {[%clk 1:08:14]} 27. Nxd5 {[%clk 0:54:36]} Nxd5
{[%clk 1:05:54]} 28. Qxd5 {[%clk 0:54:59]} Red8 {[%clk 1:04:12]} 29. Re2
{[%clk 0:54:47]} a5 {[%clk 1:03:28]} 30. Rae1 {[%clk 0:55:03]} Rd7
{[%clk 1:03:46]} 31. Qxa8 {[%clk 0:55:17]} d5 {[%clk 1:03:46]} 32. Nxa5
{[%clk 0:54:58]} Rd8 {[%clk 1:00:32]} 33. Qa6 {[%clk 0:54:35]} Rb8
{[%clk 1:00:41]} 34. Re7 {[%clk 0:54:27]} Qf4 {[%clk 1:01:00]} 35. Qc6
{[%clk 0:53:49]} Rd8 {[%clk 1:00:51]} 36. Qxc5 {[%clk 0:54:02]} d4
{[%clk 1:00:53]} 37. R7e4 {[%clk 0:53:50]} Qb8 {[%clk 1:01:07]} 38. Nc6
{[%clk 0:54:07]} Qc8 {[%clk 1:01:22]} 39. b4 {[%clk 0:54:08]} Rd7
{[%clk 0:59:45]} 40. Ne5 {[%clk 0:54:17]} Rc7 {[%clk 1:00:05]} 41. Qxd4
{[%clk 0:54:00]} Rxc2 {[%clk 1:00:06]} 42. b5 {[%clk 0:54:23]} 1-0

[Event "EUYCC 2025 - U12"]
[Site "?"]
[Date "2025.08.24"]
[Round "6.1"]
[White "Pasca, Alexandru-Daniel"]
[Black "Konstantinides, Savvas"]
[Result "0-1"]
[BlackElo "1864"]
[WhiteElo "1873"]
[LiveChessVersion "1.4.8"]

1. e4 {[%clk 1:30:59]} c5 {[%clk 1:30:56]} 2. Nf3 {[%clk 1:31:26]} d6
{[%clk 1:31:22]} 3. Bc4 {[%clk 1:31:53]} Nf6 {[%clk 1:31:32]} 4. e5
{[%clk 1:31:59]} dxe5 {[%clk 1:23:44]} 5. Nxe5 {[%clk 1:32:18]} e6
{[%clk 1:24:03]} 6. Qe2 {[%clk 1:32:39]} Bd6 {[%clk 1:23:21]} 7. b3
{[%clk 1:30:06]} O-O {[%clk 1:15:03]} 8. Bb2 {[%clk 1:24:04]} Bd7
{[%clk 1:11:07]} 9. O-O {[%clk 1:15:33]} Nc6 {[%clk 1:04:52]} 10. f4
{[%clk 1:02:46]} Nd5 {[%clk 0:58:04]} 11. Nxd7 {[%clk 0:49:18]} Qxd7
{[%clk 0:56:59]} 12. Bxg7 {[%clk 0:41:13]} Kxg7 {[%clk 0:50:33]} 13. Qg4+
{[%clk 0:41:39]} Kh8 {[%clk 0:50:50]} 14. Bxd5 {[%clk 0:42:04]} Nb4
{[%clk 0:49:42]} 15. Bc4 {[%clk 0:27:18]} Nxc2 {[%clk 0:48:49]} 16. Nc3
{[%clk 0:13:07]} Nxa1 {[%clk 0:48:41]} 17. Qh3 {[%clk 0:06:16]} f5
{[%clk 0:45:09]} 18. Qd3 {[%clk 0:01:35]} Rad8 {[%clk 0:43:50]} 19. g3
{[%clk 0:00:56]} Bb8 {[%clk 0:42:15]} 20. Qxd7 {[%clk 0:00:56]} Rxd7
{[%clk 0:42:33]} 21. Rxa1 {[%clk 0:01:20]} e5 {[%clk 0:42:22]} 22. fxe5
{[%clk 0:01:15]} Bxe5 {[%clk 0:42:37]} 23. Re1 {[%clk 0:01:21]} Bxc3
{[%clk 0:42:25]} 24. dxc3 {[%clk 0:01:44]} Kg7 {[%clk 0:42:08]} 25. Re5
{[%clk 0:01:35]} b6 {[%clk 0:42:22]} 26. a4 {[%clk 0:01:20]} Rd1+
{[%clk 0:42:00]} 27. Kg2 {[%clk 0:01:34]} Rd2+ {[%clk 0:42:24]} 28. Kf3
{[%clk 0:01:22]} Rd7 {[%clk 0:41:54]} 29. Kf4 {[%clk 0:00:56]} Rf6
{[%clk 0:41:11]} 30. Bd5 {[%clk 0:00:46]} h6 {[%clk 0:39:12]} 31. c4
{[%clk 0:00:55]} Kf8 {[%clk 0:39:07]} 32. Rxf5 {[%clk 0:00:45]} Kg7
{[%clk 0:36:52]} 33. g4 {[%clk 0:00:40]} Re7 {[%clk 0:34:43]} 34. Rxf6
{[%clk 0:00:51]} Kxf6 {[%clk 0:35:03]} 35. Be4 {[%clk 0:01:03]} Rd7
{[%clk 0:34:30]} 36. Bd5 {[%clk 0:01:18]} a6 {[%clk 0:34:09]} 37. h4
{[%clk 0:01:28]} Rg7 {[%clk 0:32:20]} 38. Bc6 {[%clk 0:00:56]} Re7
{[%clk 0:31:24]} 39. Be4 {[%clk 0:01:16]} Re8 {[%clk 0:31:23]} 40. g5+
{[%clk 0:01:29]} hxg5+ {[%clk 0:31:42]} 41. hxg5+ {[%clk 0:01:55]} Kg7
{[%clk 0:30:45]} 42. Bb7 {[%clk 0:01:44]} a5 {[%clk 0:30:53]} 43. Be4
{[%clk 0:02:02]} Rh8 {[%clk 0:30:54]} 44. Ke5 {[%clk 0:00:47]} Rh3
{[%clk 0:30:46]} 45. Bc6 {[%clk 0:00:35]} Rd3 {[%clk 0:30:16]} 46. Ke6
{[%clk 0:00:45]} Rd4 {[%clk 0:30:10]} 47. Bd5 {[%clk 0:01:07]} Kg6
{[%clk 0:27:58]} 48. Kd6 {[%clk 0:00:55]} Rd3 {[%clk 0:28:13]} 49. Kc7
{[%clk 0:01:03]} Rxb3 {[%clk 0:28:34]} 50. Bc6 {[%clk 0:01:24]} Kxg5
{[%clk 0:28:32]} 51. Bb5 {[%clk 0:01:39]} Rxb5 {[%clk 0:28:43]} 52. cxb5
{[%clk 0:00:56]} c4 {[%clk 0:29:05]} 53. Kxb6 {[%clk 0:01:24]} c3
{[%clk 0:29:31]} 54. Kxa5 {[%clk 0:01:50]} c2 {[%clk 0:29:57]} 55. Ka6
{[%clk 0:01:24]} c1=Q {[%clk 0:30:20]} 56. a5 {[%clk 0:01:09]} Qc8+
{[%clk 0:30:39]} 57. Ka7 {[%clk 0:01:01]} Qc7+ {[%clk 0:31:02]} 58. Ka6
{[%clk 0:01:25]} Kf5 {[%clk 0:29:53]} 59. b6 {[%clk 0:01:32]} Qb8
{[%clk 0:30:18]} 60. Kb5 {[%clk 0:01:49]} Ke6 {[%clk 0:30:34]} 61. Kc6
{[%clk 0:00:39]} Qc8+ {[%clk 0:30:46]} 62. Kb5 {[%clk 0:01:05]} Kd6
{[%clk 0:31:02]} 63. a6 {[%clk 0:01:08]} Qb8 {[%clk 0:31:09]} 64. a7
{[%clk 0:01:10]} Qb7 {[%clk 0:31:31]} 65. Ka4 {[%clk 0:01:29]} Qa6+
{[%clk 0:31:54]} 66. Kb4 {[%clk 0:01:56]} Qxb6+ {[%clk 0:32:19]} 0-1

[Event "EUYCC 2025 - U12"]
[Site "?"]
[Date "2025.08.24"]
[Round "6.2"]
[White "Manouvel, Maelys"]
[Black "Temirbek, Amirali"]
[Result "1-0"]
[BlackElo "1773"]
[WhiteElo "1739"]
[LiveChessVersion "1.4.8"]

1. e4 {[%clk 1:29:41]} c6 {[%clk 1:30:26]} 2. d4 {[%clk 1:29:28]} d5
{[%clk 1:30:50]} 3. exd5 {[%clk 1:29:02]} cxd5 {[%clk 1:31:13]} 4. Bd3
{[%clk 1:28:54]} Nc6 {[%clk 1:31:37]} 5. c3 {[%clk 1:28:34]} Nf6 {[%clk 1:32:00]}
6. Bf4 {[%clk 1:27:52]} Bg4 {[%clk 1:32:22]} 7. Qb3 {[%clk 1:26:56]} Qd7
{[%clk 1:31:39]} 8. Nd2 {[%clk 1:22:49]} e6 {[%clk 1:31:41]} 9. Ngf3
{[%clk 1:21:22]} Bxf3 {[%clk 1:32:02]} 10. Nxf3 {[%clk 1:21:12]} Bd6
{[%clk 1:32:27]} 11. Bxd6 {[%clk 1:19:31]} Qxd6 {[%clk 1:32:49]} 12. O-O
{[%clk 1:19:30]} O-O {[%clk 1:33:11]} 13. Rae1 {[%clk 1:14:41]} Qc7
{[%clk 1:33:15]} 14. Qc2 {[%clk 1:12:24]} Rab8 {[%clk 1:32:47]} 15. Ne5
{[%clk 1:04:56]} Rfc8 {[%clk 1:33:09]} 16. Qb1 {[%clk 1:03:56]} g6
{[%clk 1:33:31]} 17. f4 {[%clk 1:01:22]} Nxe5 {[%clk 1:33:52]} 18. fxe5
{[%clk 0:59:27]} Nd7 {[%clk 1:34:16]} 19. Rf3 {[%clk 0:55:38]} b5
{[%clk 1:32:26]} 20. Ref1 {[%clk 0:52:18]} Rf8 {[%clk 1:32:48]} 21. Qc1
{[%clk 0:51:54]} Nxe5 {[%clk 1:25:05]} 22. dxe5 {[%clk 0:50:03]} Qxe5
{[%clk 1:25:27]} 23. Qd2 {[%clk 0:47:37]} a5 {[%clk 1:22:15]} 24. Qf2
{[%clk 0:45:32]} Qc7 {[%clk 1:20:55]} 25. Rh3 {[%clk 0:42:13]} b4
{[%clk 1:20:57]} 26. Qh4 {[%clk 0:41:32]} f5 {[%clk 1:15:25]} 27. c4
{[%clk 0:39:45]} Rf7 {[%clk 1:12:03]} 28. cxd5 {[%clk 0:38:04]} exd5
{[%clk 1:12:01]} 29. Qd4 {[%clk 0:37:32]} Qb6 {[%clk 1:07:49]} 30. Qxb6
{[%clk 0:37:34]} Rxb6 {[%clk 1:08:14]} 31. Rd1 {[%clk 0:36:32]} Re7
{[%clk 1:08:07]} 32. b3 {[%clk 0:35:10]} Rc6 {[%clk 1:07:45]} 33. Kf2
{[%clk 0:33:55]} Kg7 {[%clk 1:07:15]} 34. Re3 {[%clk 0:32:02]} Rxe3
{[%clk 1:06:51]} 35. Kxe3 {[%clk 0:32:30]} Kf6 {[%clk 1:07:11]} 36. Kd4
{[%clk 0:32:06]} Kg5 {[%clk 1:04:43]} 37. Kxd5 {[%clk 0:30:28]} Rc3
{[%clk 1:05:05]} 38. Kd4 {[%clk 0:29:57]} h5 {[%clk 1:02:46]} 39. Rd2
{[%clk 0:27:53]} h4 {[%clk 1:02:59]} 40. h3 {[%clk 0:27:09]} Kf4 {[%clk 1:02:57]}
41. Re2 {[%clk 0:26:12]} Rc1 {[%clk 1:02:55]} 42. Re6 {[%clk 0:25:35]} Kg5
{[%clk 1:02:35]} 43. Bc4 {[%clk 0:23:08]} f4 {[%clk 0:59:58]} 44. Re5+
{[%clk 0:22:15]} Kf6 {[%clk 1:00:18]} 45. Rxa5 {[%clk 0:22:24]} g5
{[%clk 0:59:34]} 46. Bd5 {[%clk 0:21:30]} Rd1+ {[%clk 0:59:45]} 47. Kc4
{[%clk 0:21:44]} 1-0

[Event "EUYCC 2025 - U12"]
[Site "?"]
[Date "2025.08.24"]
[Round "6.3"]
[White "Rzadkowska, Lila"]
[Black "Kozusnik, Jan"]
[Result "1-0"]
[BlackElo "1726"]
[WhiteElo "1964"]
[LiveChessVersion "1.4.8"]

1. e4 {[%clk 1:30:53]} c5 {[%clk 1:30:50]} 2. Nf3 {[%clk 1:31:19]} Nc6
{[%clk 1:31:17]} 3. d4 {[%clk 1:31:44]} cxd4 {[%clk 1:31:44]} 4. Nxd4
{[%clk 1:32:07]} g6 {[%clk 1:32:08]} 5. c4 {[%clk 1:32:33]} Bg7 {[%clk 1:32:31]}
6. Be3 {[%clk 1:32:52]} Nf6 {[%clk 1:32:10]} 7. Nc3 {[%clk 1:33:12]} O-O
{[%clk 1:32:11]} 8. Be2 {[%clk 1:33:32]} d6 {[%clk 1:32:20]} 9. O-O
{[%clk 1:33:57]} Bd7 {[%clk 1:32:05]} 10. Qd2 {[%clk 1:33:54]} a5
{[%clk 1:30:05]} 11. b3 {[%clk 1:33:49]} Nxd4 {[%clk 1:29:43]} 12. Bxd4
{[%clk 1:34:16]} Bc6 {[%clk 1:29:53]} 13. Bd3 {[%clk 1:34:20]} Nd7
{[%clk 1:29:45]} 14. Bxg7 {[%clk 1:34:41]} Kxg7 {[%clk 1:30:09]} 15. Rfe1
{[%clk 1:33:58]} Nc5 {[%clk 1:27:21]} 16. Bc2 {[%clk 1:30:41]} Re8
{[%clk 1:17:47]} 17. Re3 {[%clk 1:28:23]} Qd7 {[%clk 1:05:44]} 18. Rh3
{[%clk 1:21:09]} Rh8 {[%clk 0:59:16]} 19. Qh6+ {[%clk 1:19:22]} Kg8
{[%clk 0:59:37]} 20. f4 {[%clk 1:16:11]} Qe6 {[%clk 0:56:03]} 21. f5
{[%clk 1:03:17]} Qf6 {[%clk 0:51:31]} 22. Rf1 {[%clk 0:59:04]} Qd4+
{[%clk 0:38:43]} 23. Kh1 {[%clk 0:58:47]} Rf8 {[%clk 0:37:28]} 24. Nd5
{[%clk 0:51:54]} Bxd5 {[%clk 0:36:35]} 25. exd5 {[%clk 0:52:18]} Qg7
{[%clk 0:32:54]} 26. Qh4 {[%clk 0:48:13]} g5 {[%clk 0:05:55]} 27. Qe1
{[%clk 0:43:50]} Re8 {[%clk 0:03:43]} 28. f6 {[%clk 0:43:36]} Qf8
{[%clk 0:04:08]} 29. Re3 {[%clk 0:41:37]} e5 {[%clk 0:03:50]} 30. dxe6
{[%clk 0:41:31]} Nxe6 {[%clk 0:04:02]} 31. Qxa5 {[%clk 0:40:17]} Ra8
{[%clk 0:03:52]} 32. Qd2 {[%clk 0:39:57]} h6 {[%clk 0:03:32]} 33. Qd3
{[%clk 0:37:04]} Nf4 {[%clk 0:03:33]} 34. Rxf4 {[%clk 0:36:49]} gxf4
{[%clk 0:03:57]} 35. Rg3+ {[%clk 0:37:06]} fxg3 {[%clk 0:04:02]} 36. Qxg3+
{[%clk 0:37:33]} Qg7 {[%clk 0:04:23]} 37. Qxg7# {[%clk 0:37:54]} 1-0

[Event "EUYCC 2025 - U12"]
[Site "?"]
[Date "2025.08.24"]
[Round "6.4"]
[White "Vanek, Martin"]
[Black "Bilochenko, Matvii"]
[Result "0-1"]
[BlackElo "1972"]
[WhiteElo "1791"]
[LiveChessVersion "1.4.8"]

1. d4 {[%clk 1:30:58]} Nf6 {[%clk 1:30:56]} 2. c4 {[%clk 1:31:24]} g6
{[%clk 1:31:20]} 3. Nf3 {[%clk 1:31:49]} Bg7 {[%clk 1:31:40]} 4. g3
{[%clk 1:32:13]} O-O {[%clk 1:31:43]} 5. Bg2 {[%clk 1:32:34]} d5 {[%clk 1:31:45]}
6. cxd5 {[%clk 1:32:51]} Nxd5 {[%clk 1:32:08]} 7. O-O {[%clk 1:33:09]} Nb6
{[%clk 1:30:12]} 8. e4 {[%clk 1:32:22]} Bg4 {[%clk 1:28:32]} 9. d5
{[%clk 1:26:10]} Qd7 {[%clk 1:20:54]} 10. Nc3 {[%clk 1:23:56]} c6
{[%clk 1:15:40]} 11. dxc6 {[%clk 1:21:39]} Nxc6 {[%clk 1:08:58]} 12. Bf4
{[%clk 1:18:15]} Nd4 {[%clk 0:56:17]} 13. Be3 {[%clk 1:10:01]} Rfd8
{[%clk 0:51:18]} 14. Bxd4 {[%clk 1:07:07]} Bxd4 {[%clk 0:49:59]} 15. Qxd4
{[%clk 1:02:16]} Qxd4 {[%clk 0:49:58]} 16. Nxd4 {[%clk 1:02:37]} Rxd4
{[%clk 0:49:59]} 17. h3 {[%clk 1:01:12]} Be6 {[%clk 0:47:36]} 18. Rfd1
{[%clk 1:00:27]} Rad8 {[%clk 0:43:35]} 19. Nd5 {[%clk 0:56:16]} Rxd1+
{[%clk 0:40:22]} 20. Rxd1 {[%clk 0:56:44]} Bxd5 {[%clk 0:36:05]} 21. exd5
{[%clk 0:57:11]} Nc4 {[%clk 0:35:06]} 22. b3 {[%clk 0:55:23]} Nd6
{[%clk 0:35:08]} 23. Rc1 {[%clk 0:38:47]} Kf8 {[%clk 0:33:09]} 24. Kf1
{[%clk 0:35:15]} Ke8 {[%clk 0:30:41]} 25. Ke2 {[%clk 0:34:18]} Rc8
{[%clk 0:29:53]} 26. Rxc8+ {[%clk 0:34:18]} Nxc8 {[%clk 0:30:22]} 27. Kd3
{[%clk 0:32:48]} Kd7 {[%clk 0:30:34]} 28. Bf3 {[%clk 0:31:29]} Kd6
{[%clk 0:29:36]} 29. Kd4 {[%clk 0:31:03]} Nb6 {[%clk 0:27:45]} 30. Be4
{[%clk 0:29:32]} Nd7 {[%clk 0:25:09]} 31. Bf3 {[%clk 0:28:15]} Nf6
{[%clk 0:20:50]} 32. Bg2 {[%clk 0:26:24]} Ne8 {[%clk 0:18:33]} 33. Bf3
{[%clk 0:19:44]} Nc7 {[%clk 0:17:45]} 34. Bg2 {[%clk 0:17:00]} Na6
{[%clk 0:16:52]} 35. Kc4 {[%clk 0:15:35]} Nb8 {[%clk 0:15:28]} 36. Kd4
{[%clk 0:14:31]} Nd7 {[%clk 0:14:48]} 37. Bf3 {[%clk 0:14:22]} h5
{[%clk 0:13:54]} 38. Be4 {[%clk 0:12:56]} Nf6 {[%clk 0:13:13]} 39. Bf3
{[%clk 0:12:11]} Ne8 {[%clk 0:12:48]} 40. Be4 {[%clk 0:11:39]} Ng7
{[%clk 0:12:50]} 41. g4 {[%clk 0:07:18]} hxg4 {[%clk 0:12:03]} 42. hxg4
{[%clk 0:07:46]} g5 {[%clk 0:10:21]} 43. Bh7 {[%clk 0:07:13]} Ne8
{[%clk 0:09:29]} 44. Bg8 {[%clk 0:07:06]} f6 {[%clk 0:07:44]} 45. Bh7
{[%clk 0:06:38]} Nc7 {[%clk 0:07:57]} 46. Be4 {[%clk 0:06:41]} Na6
{[%clk 0:07:39]} 47. f3 {[%clk 0:05:35]} Nb4 {[%clk 0:07:16]} 48. a3
{[%clk 0:05:26]} Na6 {[%clk 0:06:52]} 49. b4 {[%clk 0:05:31]} Nc7
{[%clk 0:06:38]} 50. a4 {[%clk 0:05:42]} b6 {[%clk 0:05:19]} 51. b5
{[%clk 0:05:08]} e6 {[%clk 0:04:09]} 52. dxe6 {[%clk 0:04:39]} Nxe6+
{[%clk 0:04:36]} 53. Kc4 {[%clk 0:04:00]} Nc5 {[%clk 0:04:30]} 54. Bc2
{[%clk 0:04:19]} Ke5 {[%clk 0:04:17]} 55. a5 {[%clk 0:03:20]} Nb7
{[%clk 0:04:24]} 56. axb6 {[%clk 0:03:09]} axb6 {[%clk 0:04:41]} 57. Bd1
{[%clk 0:01:18]} Nd6+ {[%clk 0:04:45]} 58. Kb4 {[%clk 0:01:32]} Kd4
{[%clk 0:04:20]} 59. Bb3 {[%clk 0:01:22]} Nc8 {[%clk 0:03:45]} 60. Be6
{[%clk 0:01:07]} Ne7 {[%clk 0:03:41]} 61. Kb3 {[%clk 0:01:03]} Kc5
{[%clk 0:02:42]} 62. Bd7 {[%clk 0:01:06]} Nd5 {[%clk 0:02:12]} 63. Bc6
{[%clk 0:01:03]} Nc7 {[%clk 0:02:06]} 64. Ka4 {[%clk 0:01:25]} Kc4
{[%clk 0:01:45]} 65. Bd7 {[%clk 0:01:03]} Nd5 {[%clk 0:01:51]} 66. Be6
{[%clk 0:00:57]} Kc5 {[%clk 0:02:03]} 67. Kb3 {[%clk 0:00:46]} Nc7
{[%clk 0:02:22]} 68. Bf5 {[%clk 0:00:54]} Nxb5 {[%clk 0:02:33]} 69. Be4
{[%clk 0:01:10]} Nd6 {[%clk 0:02:12]} 70. Bg6 {[%clk 0:01:17]} Kd4
{[%clk 0:02:20]} 71. Bh7 {[%clk 0:00:51]} Ke3 {[%clk 0:02:11]} 72. Bg8
{[%clk 0:01:00]} Kxf3 {[%clk 0:01:57]} 73. Be6 {[%clk 0:01:24]} Kf4
{[%clk 0:01:58]} 74. Kc3 {[%clk 0:01:17]} Ne4+ {[%clk 0:02:04]} 0-1

[Event "EUYCC 2025 - U12"]
[Site "?"]
[Date "2025.08.24"]
[Round "6.5"]
[White "Lazars, Krisjanis"]
[Black "Menkov, Ivan"]
[Result "1-0"]
[BlackElo "1657"]
[WhiteElo "1845"]
[LiveChessVersion "1.4.8"]

1. e4 {[%clk 1:30:59]} e5 {[%clk 1:30:55]} 2. Nf3 {[%clk 1:31:24]} Nc6
{[%clk 1:31:21]} 3. Bb5 {[%clk 1:31:52]} a6 {[%clk 1:31:46]} 4. Ba4
{[%clk 1:32:17]} Nf6 {[%clk 1:32:11]} 5. d3 {[%clk 1:32:42]} b5 {[%clk 1:32:37]}
6. Bb3 {[%clk 1:33:11]} Be7 {[%clk 1:32:57]} 7. a4 {[%clk 1:32:13]} b4
{[%clk 1:33:15]} 8. O-O {[%clk 1:32:31]} d6 {[%clk 1:33:40]} 9. Nbd2
{[%clk 1:32:22]} O-O {[%clk 1:34:00]} 10. a5 {[%clk 1:30:05]} Be6
{[%clk 1:33:27]} 11. Nc4 {[%clk 1:29:39]} Bg4 {[%clk 1:33:07]} 12. Be3
{[%clk 1:23:05]} Qd7 {[%clk 1:32:42]} 13. h3 {[%clk 1:22:49]} Bh5
{[%clk 1:33:03]} 14. Re1 {[%clk 1:12:44]} h6 {[%clk 1:31:51]} 15. Kh2
{[%clk 1:11:32]} Nd8 {[%clk 1:22:05]} 16. g4 {[%clk 1:11:15]} Bg6
{[%clk 1:22:29]} 17. Rg1 {[%clk 1:09:24]} Ne6 {[%clk 1:22:40]} 18. Ba4
{[%clk 1:06:27]} Qd8 {[%clk 1:21:25]} 19. Bc6 {[%clk 1:05:19]} Rb8
{[%clk 1:21:38]} 20. Ba7 {[%clk 1:03:31]} Nf4 {[%clk 1:20:25]} 21. Bxb8
{[%clk 1:03:48]} Qxb8 {[%clk 1:20:49]} 22. Ne3 {[%clk 1:03:32]} Qa7
{[%clk 1:20:40]} 23. Qd2 {[%clk 1:02:10]} Qc5 {[%clk 1:19:18]} 24. Ba4
{[%clk 1:01:15]} Nh7 {[%clk 1:18:01]} 25. Nf5 {[%clk 0:57:24]} Bxf5
{[%clk 1:18:10]} 26. gxf5 {[%clk 0:55:39]} Ng5 {[%clk 1:18:28]} 27. Nxg5
{[%clk 0:55:24]} Bxg5 {[%clk 1:18:52]} 28. Qe3 {[%clk 0:55:24]} Rd8
{[%clk 1:09:26]} 29. Qxc5 {[%clk 0:54:53]} dxc5 {[%clk 1:09:50]} 30. Rad1
{[%clk 0:49:08]} Ne2 {[%clk 1:06:01]} 31. Rge1 {[%clk 0:48:48]} Nd4
{[%clk 1:06:24]} 32. Kg2 {[%clk 0:49:05]} Rb8 {[%clk 1:05:18]} 33. c3
{[%clk 0:45:54]} bxc3 {[%clk 1:05:39]} 34. bxc3 {[%clk 0:46:23]} Nb5
{[%clk 1:06:01]} 35. Bxb5 {[%clk 0:45:15]} Rxb5 {[%clk 1:06:21]} 36. h4
{[%clk 0:43:30]} Bf4 {[%clk 1:06:34]} 37. Ra1 {[%clk 0:43:38]} Bd2
{[%clk 1:06:53]} 38. Reb1 {[%clk 0:44:07]} Rxb1 {[%clk 1:06:49]} 39. Rxb1
{[%clk 0:44:36]} Bxc3 {[%clk 1:07:10]} 40. Rb8+ {[%clk 0:44:59]} Kh7
{[%clk 1:07:30]} 41. Ra8 {[%clk 0:45:28]} Bxa5 {[%clk 1:07:48]} 42. Rxa6
{[%clk 0:45:56]} Bb6 {[%clk 1:08:04]} 43. Ra8 {[%clk 0:46:09]} g6
{[%clk 1:08:06]} 44. f6 {[%clk 0:46:34]} g5 {[%clk 1:08:27]} 45. h5
{[%clk 0:47:00]} c4 {[%clk 1:07:47]} 46. dxc4 {[%clk 0:47:21]} Bc5
{[%clk 1:08:13]} 47. Re8 {[%clk 0:47:36]} Bd6 {[%clk 1:07:59]} 48. c5
{[%clk 0:47:00]} Bxc5 {[%clk 1:08:21]} 49. Rxe5 {[%clk 0:47:28]} Bd4
{[%clk 1:08:44]} 50. Rf5 {[%clk 0:47:45]} Kg8 {[%clk 1:09:08]} 51. Kf3
{[%clk 0:47:57]} c5 {[%clk 1:09:24]} 52. e5 {[%clk 0:48:23]} c4 {[%clk 1:08:29]}
53. Ke4 {[%clk 0:48:45]} c3 {[%clk 1:03:39]} 54. Kd3 {[%clk 0:48:56]} Kf8
{[%clk 1:03:14]} 55. Rf3 {[%clk 0:47:59]} Bxe5 {[%clk 1:03:19]} 56. Rf5
{[%clk 0:48:26]} Bf4 {[%clk 1:03:12]} 57. Kxc3 {[%clk 0:48:48]} Ke8
{[%clk 1:03:26]} 58. Rd5 {[%clk 0:49:03]} g4 {[%clk 0:59:12]} 59. Kd4
{[%clk 0:48:43]} g3 {[%clk 0:54:24]} 60. fxg3 {[%clk 0:48:31]} Bxg3
{[%clk 0:54:43]} 61. Ke4 {[%clk 0:48:44]} Bh4 {[%clk 0:53:31]} 62. Kf5
{[%clk 0:48:01]} Bg5 {[%clk 0:53:50]} 63. Ra5 {[%clk 0:48:22]} 1-0